Statistics for 时代少年团全部成员

Click here to take the quiz!

General Stats

  • This quiz has been taken 21 times
  • The average score is 5 of 7

Answer Stats

Answer% Correct
马嘉祺
100%
丁程鑫
84%
宋亚轩
79%
刘耀文
53%
张真源
53%
严浩翔
53%
贺峻霖
47%

Score Distribution

Percentile by Number Answered

Percent of People with Each Score

Your Score History

You have not taken this quiz